Casa de campo o la creación consciente
En este texto y en el espacio de la metaficción se reconstruyen los alcances del diálogo autor, narrador, personajes, lector
Gorde:
| Egile nagusia: | |
|---|---|
| Formatua: | Ezezaguna |
| Argitaratua: |
Venezuela:
Universidad Simón Bolivar,
|
| Gaiak: | |
| Etiketak: |
Etiketa erantsi
Etiketarik gabe, Izan zaitez lehena erregistro honi etiketa jartzen!
|
MARC
| LEADER | 000000000a22000000004500 | ||
|---|---|---|---|
| 001 | 000044 | ||
| 022 | |a 0798-958-X | ||
| 100 | 1 | |a Rivas, Luz Marina | |
| 245 | 1 | 0 | |a Casa de campo o la creación consciente |
| 260 | |a Venezuela: |b Universidad Simón Bolivar, | ||
| 310 | |a semestral | ||
| 520 | |a En este texto y en el espacio de la metaficción se reconstruyen los alcances del diálogo autor, narrador, personajes, lector | ||
| 650 | 4 | |a DONOSO, JOSE, 1925- | |
| 650 | 4 | |a NARRADOR | |
| 650 | 4 | |a LITERATURA LATINOAMERICANA | |
| 650 | 4 | |a PERSONAJES | |
| 650 | 4 | |a INTERPRETACION | |
| 773 | 0 | |t Estudios: Revista de Investigaciones Literarias | |
| 773 | 0 | |g 2 | |
| 773 | 0 | |g 3 | |
| 773 | 0 | |g 1994 | |
| 773 | 0 | |g 135-162 | |
| 999 | |c 794 |d 794 | ||
